Internal combustion engines (Record no. 24482)

000 -LEADER
fixed length control field 00576nam a22002051 4500
001 - CONTROL NUMBER
control field 24482
003 - CONTROL NUMBER IDENTIFIER
control field BD-DhUET
008 - FIXED-LENGTH DATA ELEMENTS--GENERAL INFORMATION
fixed length control field 681231s1968 paua b 001 0 eng
040 ## - CATALOGING SOURCE
Original cataloging agency DLC
Transcribing agency DLC
Modifying agency BD-DhUET
082 00 - DEWEY DECIMAL CLASSIFICATION NUMBER
Classification number 621.43
Item number OBE/1968
100 ## - MAIN ENTRY--PERSONAL NAME
Personal name Obert, Edward F.
245 10 - TITLE STATEMENT
Title Internal combustion engines
250 ## - EDITION STATEMENT
Edition statement 3rd ed.
260 ## - PUBLICATION, DISTRIBUTION, ETC. (IMPRINT)
Place of publication, distribution, etc. Scranton
Name of publisher, distributor, etc. International Textbook
Date of publication, distribution, etc. 1968
300 ## - PHYSICAL DESCRIPTION
Extent xiii, 736p.
Other physical details illus
490 0# - SERIES STATEMENT
Series statement International textbooks in mechanical engineering
504 ## - BIBLIOGRAPHY, ETC. NOTE
Bibliography, etc Includes bibliographies
650 #0 - SUBJECT ADDED ENTRY--TOPICAL TERM
Topical term or geographic name as entry element Internal combustion engines
942 ## - ADDED ENTRY ELEMENTS (KOHA)
Koha item type General Book
Holdings
Price effective from Damaged status Koha full call number Koha issues (times borrowed) Copy number Lost status Location (home branch) Sublocation or collection (holding branch) Koha date last borrowed Piece designation (barcode) Source of classification or shelving scheme Shelving location Not for loan Koha normalized classification for sorting Koha date last seen Date acquired Koha item type Withdrawn status
2015-05-09 621.43/OBE/196821 Central Library, BUETCentral Library, BUET2019-09-2819063 Circulation section 621_430000000000000_OBE_19682019-11-182015-05-09General Book 
2015-06-16 621.43/OBE/1968 2 Central Library, BUETCentral Library, BUET 32007 Reading section 621_430000000000000_OBE_19682015-06-162015-06-16General Book 
2015-06-16 621.43/OBE/1968 3 Central Library, BUETCentral Library, BUET 40437 Reading section 621_430000000000000_OBE_19682015-06-162015-06-16Reading Item 
2015-06-23 621.43/OBE/1968 4 Central Library, BUETCentral Library, BUET 19060 Reading section 621_430000000000000_OBE_19682015-06-232015-06-23Reading Item 
2015-07-03 621.43/OBE/1968 5 Central Library, BUETCentral Library, BUET 32117 Reading section 621_430000000000000_OBE_19682015-07-032015-07-03Reading Item